|
|
|
|
| LEADER |
00000nas a2200000 i 4500 |
| 001 |
ssj0001753472 |
| 003 |
WaSeSS |
| 005 |
20200512172242.0 |
| 006 |
m d |
| 007 |
cr n |
| 008 |
160309c20079999enkar s 0 a0eng c |
| 010 |
|
|
|a 2016260033
|
| 015 |
|
|
|a GBB605968
|2 bnb
|
| 016 |
7 |
|
|a 017703422
|2 Uk
|
| 022 |
|
|
|a 1997-003X
|l 1994-2060
|
| 035 |
|
|
|a (WaSeSS)ssj0001753472
|
| 040 |
|
|
|a AU@
|b eng
|e pn
|c AU@
|d CUS
|d OCLCF
|d ORU
|d CUS
|d NLE
|d DLC
|d UKMGB
|d VT2
|d UAB
|d OCLCO
|d U3W
|d AU@
|d OCLCO
|d WaSeSS
|
| 042 |
|
|
|a pcc
|
| 050 |
0 |
0 |
|a TA357.5.D37
|
| 210 |
0 |
|
|a Eng. appl. comput. fluid mech. (Online)
|
| 222 |
|
0 |
|a Engineering applications of computational fluid mechanics (Online)
|
| 245 |
0 |
0 |
|a Engineering applications of computational fluid mechanics
|h [electronic resource].
|
| 260 |
|
|
|3 2007- :
|a [Kowloon, Hong Kong] :
|b Department of Civil & Environmental Engineering, The Hong Kong Polytechnic University,
|c 2007-
|
| 260 |
3 |
|
|3 <2015-> :
|a [Abingdon, England?] :
|b Taylor & Francis
|
| 310 |
|
|
|a Annual,
|b 2015-
|
| 321 |
|
|
|a Four issues a year,
|b 2007-2014
|
| 362 |
1 |
|
|a Began with Volume 1, number 1 (2007).
|
| 500 |
|
|
|a Published by Taylor & Francis for the Department of Civil & Environmental Engineering, The Hong Kong Polytechnic University, 2015-
|
| 506 |
|
|
|a License restrictions may limit access.
|
| 515 |
|
|
|a Articles are added consecutively to the current annual volume.
|
| 588 |
|
|
|a Description based on: Volume 1, number 1 (2007); title from journal home page (Hong Kong Polytechnic University, viewed July 15, 2016).
|
| 588 |
|
|
|a Latest issue consulted: Volume 12, issue 1 (2018) (Taylor & Francis Online, viewed May 11, 2018).
|
| 650 |
|
0 |
|a Computational fluid dynamics
|v Periodicals.
|
| 650 |
|
7 |
|a Computational fluid dynamics.
|2 fast
|0 (OCoLC)fst01745072
|
| 655 |
|
0 |
|a Electronic journals.
|
| 710 |
2 |
|
|a Hong Kong Polytechnic University.
|b Department of Civil & Environmental Engineering.
|
| 776 |
0 |
8 |
|i Print version:
|t Engineering applications of computational fluid mechanics
|x 1994-2060
|
| 850 |
|
|
|a DLC
|
| 856 |
4 |
0 |
|z Full text available from Research Library: 01/01/2011 to 12/31/2017
|u https://search.proquest.com/publication/3933313
|